| 000 | 00618nam a2200193 a 4500 | ||
|---|---|---|---|
| 005 | 20240924065304.0 | ||
| 008 | 991125s1978 ea 000 0 eng u | ||
| 020 | _a0036455316 | ||
| 035 | _aUPN01000000261 | ||
| 049 | _aCG | ||
| 050 | 4 |
_aLA132 _bA23 |
|
| 245 | 0 | 0 |
_aAcademic power : _bpatterns of authority in seven national sistems of higer education / _cJohn H. Van de Graaff ... [et al.]. |
| 260 |
_aNew York : _bPraeger, _c1978. |
||
| 300 | _a220 p. | ||
| 650 | 4 |
_aEducación comparada _99140 |
|
| 650 | 7 |
_aEducación superior _zEstados Unidos _2 _915203 |
|
| 700 | 1 |
_aVan de Graaff, John H., _ecoaut. |
|
| 905 | _aLibro | ||
| 999 |
_c261 _d261 |
||